[Event "GRE-ch U18"]
[Site "Achaia"]
[Date "2017.07.02"]
[Round "7"]
[White "Kalofonos, Panayotis"]
[Black "Karathanasis, Vlasis"]
[Result "1-0"]
[WhiteElo "1912"]
[BlackElo "1882"]
[PlyCount "91"]
[EventDate "2017.06.26"]
[EventType "swiss"]
[EventRounds "7"]
[EventCountry "GRE"]
[SourceTitle "CBM 179 Extra"]
[Source "ChessBase"]
[SourceDate "2017.08.23"]
[SourceVersion "1"]
[SourceVersionDate "2017.08.23"]
[SourceQuality "1"]

1. e4 e5 2. Nf3 Nc6 3. Bb5 Nf6 4. d3 Bc5 5. Bxc6 dxc6 6. Nbd2 0-0 7. Nc4 Re8 8. Bg5 Bd6 9. Qe2 h6 10. Bd2 Qe7 11. 0-0-0 Bd7 12. Rdg1 a5 13. Ne3 Nh5 14. g3 g6 15. Nh4 Ng7 16. Ng4 Bxg4 17. Qxg4 Kh7 18. f4 h5 19. Qh3 Qe6 20. f5 Qxa2 21. Bc3 Bc5 22. Rf1 Be3+ 23. Kd1 Bh6 24. Ke2 Qa4 25. Rc1 Qb5 26. g4 Qc5 27. Rcg1 g5 28. Nf3 h4 29. Nxh4 Qe7 30. Nf3 f6 31. Qg3 Rh8 32. h4 gxh4 33. Rxh4 Qc5 34. Rxh6+ Kxh6 35. Qh4+ Nh5 36. Qxh5+ Kg7 37. Qg6+ Kf8 38. Qxf6+ Kg8 39. Qe6+ Kf8 40. Qxe5 Qxe5 41. Bxe5 Rh3 42. g5 Re8 43. Bxc7 a4 44. g6 Kg7 45. Be5+ Kg8 46. Bc3 1-0

[Event "GRE-ch U18"]
[Site "Achaia"]
[Date "2017.06.27"]
[Round "2"]
[White "Karathanasis, Vlasis"]
[Black "Ballas, Athanasios Panag"]
[Result "0-1"]
[WhiteElo "1882"]
[BlackElo "2015"]
[PlyCount "72"]
[EventDate "2017.06.26"]
[EventType "swiss"]
[EventRounds "7"]
[EventCountry "GRE"]
[SourceTitle "CBM 179 Extra"]
[Source "ChessBase"]
[SourceDate "2017.08.23"]
[SourceVersion "1"]
[SourceVersionDate "2017.08.23"]
[SourceQuality "1"]

1. e4 g6 2. d4 Bg7 3. Nf3 d6 4. Bd3 Nd7 5. c3 c5 6. d5 Ngf6 7. 0-0 0-0 8. c4 Ne8 9. Nc3 a6 10. a4 Nc7 11. Bd2 Rb8 12. Qc1 Re8 13. Ne1 Ne5 14. Be2 f5 15. f4 Nf7 16. exf5 gxf5 17. Bd3 e6 18. dxe6 Bxe6 19. Qc2 Qd7 20. Nf3 b5 21. axb5 axb5 22. Nxb5 Nxb5 23. cxb5 Rec8 24. Ra4 c4 25. Be2 Qxb5 26. Rb1 Qb6+ 27. Kh1 c3 28. Ra6 Qb3 29. Qxb3 Rxb3 30. Bd1 cxd2 31. Nxd2 Rxb2 32. Rxb2 Bxb2 33. Nf1 Bc4 34. Rb6 Bd4 35. Rb4 Bxf1 36. Rxd4 Rc1 0-1

[Event "GRE-ch U16"]
[Site "Rio Achaia"]
[Date "2015.06.29"]
[Round "5.11"]
[White "Karakatsanis, Nikolaos"]
[Black "Karathanasis, Vlasis"]
[Result "1-0"]
[WhiteElo "1925"]
[BlackElo "1856"]
[PlyCount "119"]
[EventDate "2015.06.26"]
[EventType "swiss"]
[EventRounds "9"]
[EventCountry "GRE"]
[SourceTitle "EXT 2024"]
[Source "ChessBase"]
[SourceDate "2023.10.10"]
[SourceVersion "1"]
[SourceVersionDate "2023.10.10"]
[SourceQuality "1"]

1. e4 e5 2. Nf3 Nc6 3. Bc4 Bc5 4. c3 Nf6 5. d3 d6 6. Nbd2 Bb6 7. Bb3 Ne7 8. 0-0 Ng6 9. Nc4 0-0 10. Nxb6 axb6 11. h3 h6 12. Re1 Re8 13. Nh2 Qe7 14. Nf1 Be6 15. Bxe6 Qxe6 16. a3 d5 17. Ng3 dxe4 18. dxe4 Rad8 19. Qc2 Nf4 20. Be3 N6h5 21. Nxh5 Nxh5 22. Rad1 Nf6 23. f3 Qe7 24. Kf2 Nh5 25. Rxd8 Qh4+ 26. Kf1 Rxd8 27. Rd1 Qf6 28. Rd3 g5 29. Qd2 Rxd3 30. Qxd3 Nf4 31. Bxf4 gxf4 32. Qd5 c6 33. Qd7 Qe6 34. Qd8+ Kg7 35. Qxb6 Qc4+ 36. Kg1 Qe2 37. Qf2 Qd1+ 38. Kh2 Qd6 39. Qb6 Qg6 40. Qf2 Kh7 41. b4 b5 42. Kg1 Qd6 43. Qe2 Qe6 44. Qd2 Kg7 45. Qf2 Qc4 46. Qc5 Qxc5+ 47. bxc5 Kf6 48. Kf2 Kg5 49. Ke2 Kh4 50. c4 bxc4 51. a4 Kg3 52. a5 Kxg2 53. a6 c3 54. a7 c2 55. Kd2 Kxf3 56. a8Q Kg2 57. Qxc6 f3 58. Qxh6 f2 59. Qg5+ Kh1 60. Qf5 1-0

[Event "GRE-ch U16"]
[Site "Rio Achaia"]
[Date "2015.06.29"]
[Round "6.11"]
[White "Karathanasis, Vlasis"]
[Black "Apostolakakis, Konstantinos"]
[Result "1/2-1/2"]
[WhiteElo "1856"]
[BlackElo "1996"]
[PlyCount "68"]
[EventDate "2015.06.26"]
[EventType "swiss"]
[EventRounds "9"]
[EventCountry "GRE"]
[SourceTitle "EXT 2024"]
[Source "ChessBase"]
[SourceDate "2023.10.10"]
[SourceVersion "1"]
[SourceVersionDate "2023.10.10"]
[SourceQuality "1"]

1. e4 c5 2. Nc3 a6 3. a4 Nc6 4. Bc4 e6 5. f4 Nf6 6. e5 Ng8 7. Nf3 Nh6 8. 0-0 Be7 9. Kh1 Nf5 10. Ne2 b6 11. d4 cxd4 12. Nexd4 Nfxd4 13. Nxd4 Nxd4 14. Qxd4 Bb7 15. f5 exf5 16. Rxf5 0-0 17. Qg4 d5 18. Bd3 Bc8 19. Bh6 g6 20. Bxf8 Bxf8 21. Qg3 Bxf5 22. Bxf5 Bg7 23. Bd3 Qc7 24. e6 Qxg3 25. exf7+ Kxf7 26. hxg3 Bxb2 27. Rf1+ Ke6 28. Kh2 Rc8 29. Rf4 Be5 30. Rb4 Rc6 31. Rh4 Rc7 32. Rb4 Rc6 33. Rh4 Rc7 34. Rb4 Rc6 1/2-1/2

[Event "GRE-ch U16"]
[Site "Rio Achaia"]
[Date "2015.06.28"]
[Round "4.12"]
[White "Karathanasis, Vlasis"]
[Black "Salifoglou, Ioannis"]
[Result "1-0"]
[WhiteElo "1856"]
[BlackElo "1426"]
[PlyCount "71"]
[EventDate "2015.06.26"]
[EventType "swiss"]
[EventRounds "9"]
[EventCountry "GRE"]
[SourceTitle "EXT 2024"]
[Source "ChessBase"]
[SourceDate "2023.10.10"]
[SourceVersion "1"]
[SourceVersionDate "2023.10.10"]
[SourceQuality "1"]

1. e4 c5 2. Nc3 Nc6 3. Bb5 Nd4 4. Bc4 g6 5. Nge2 Bg7 6. d3 d6 7. 0-0 Nf6 8. a4 a6 9. Ba2 0-0 10. f3 Bd7 11. Kh1 Nxe2 12. Qxe2 b5 13. Nd1 bxa4 14. Qf2 Qb6 15. Qh4 Rac8 16. Ne3 Qb7 17. Rb1 Bc6 18. Nc4 Qc7 19. Bg5 Rb8 20. Rfe1 Bb5 21. f4 d5 22. exd5 Nxd5 23. Ne5 e6 24. Bxd5 exd5 25. Ng4 Rfe8 26. Nf6+ Bxf6 27. Bxf6 Rxe1+ 28. Rxe1 Qc8 29. Be5 Ra8 30. Qf6 Kf8 31. Qg7+ Ke7 32. Bb8+ Kd7 33. Qxf7+ Kc6 34. Re6+ Qxe6 35. Qxe6+ Kb7 36. Be5 1-0

[Event "Nikaia Fysiolatriko op A"]
[Site "Nikaia"]
[Date "2015.06.19"]
[Round "3"]
[White "Xaxiris, Evangelos"]
[Black "Karathanasis, Vlasis"]
[Result "1-0"]
[WhiteElo "1965"]
[BlackElo "1856"]
[PlyCount "67"]
[EventDate "2015.06.16"]
[EventType "swiss"]
[EventRounds "9"]
[EventCountry "GRE"]
[SourceTitle "EXT 2024"]
[Source "ChessBase"]
[SourceDate "2023.10.10"]
[SourceVersion "1"]
[SourceVersionDate "2023.10.10"]
[SourceQuality "1"]

1. Nf3 Nf6 2. g3 b6 3. Bg2 Bb7 4. 0-0 e6 5. b3 Be7 6. Bb2 d6 7. d3 Nbd7 8. Nbd2 0-0 9. e4 Re8 10. Nh4 e5 11. Nf5 Bf8 12. f4 g6 13. Ne3 Bh6 14. c4 Nc5 15. Qe2 exf4 16. gxf4 Nh5 17. Ng4 Bxf4 18. Nf6+ Nxf6 19. Rxf4 Nh5 20. Rf2 Ne6 21. Raf1 Ng5 22. Qe3 f5 23. Qd4 Bc8 24. exf5 Re5 25. fxg6 hxg6 26. Bd5+ Kg7 27. Bxa8 Nh3+ 28. Kh1 Nxf2+ 29. Qxf2 Bf5 30. Bd5 Qg5 31. Rg1 Be4+ 32. Nxe4 Qe7 33. Qf5 Qe8 34. Qxh5 1-0

[Event "GRE-ch U16"]
[Site "Greece"]
[Date "2014.07.09"]
[Round "8"]
[White "Karathanasis, Vlasis"]
[Black "Samakas, Stavros"]
[Result "0-1"]
[WhiteElo "1686"]
[BlackElo "1600"]
[PlyCount "104"]
[EventDate "2014.07.04"]
[EventType "swiss"]
[EventRounds "9"]
[EventCountry "GRE"]
[SourceTitle "EXT 2017"]
[Source "ChessBase"]
[SourceDate "2016.10.25"]
[SourceVersion "1"]
[SourceVersionDate "2016.10.25"]
[SourceQuality "1"]

1. e4 d5 2. exd5 Nf6 3. Bb5+ Bd7 4. Be2 Nxd5 5. Nf3 Bg4 6. d4 e6 7. 0-0 Be7 8. h3 Bh5 9. c3 0-0 10. Nbd2 Nd7 11. Ne4 c5 12. c4 N5f6 13. Ng3 Bg6 14. b3 Bd6 15. Nh4 Qc7 16. Nxg6 hxg6 17. f4 cxd4 18. Bd3 Nc5 19. Qe2 Rfe8 20. Ne4 Ncxe4 21. Bxe4 Nh5 22. Qf3 Rab8 23. g4 Nf6 24. Bb2 Bc5 25. Kh1 Nxe4 26. Qxe4 Rbd8 27. Rad1 Rd7 28. Rd3 Red8 29. a3 a5 30. Rfd1 Qc6 31. Re1 Qd6 32. a4 Bb6 33. Rf1 Qc6 34. Re1 Rd6 35. Kh2 Qxe4 36. Rxe4 Bc5 37. Re5 b6 38. Kg3 f6 39. Re4 Kf7 40. Kf3 Rh8 41. Kg3 Re8 42. Kf3 e5 43. fxe5 fxe5 44. g5 Rde6 45. Kg4 Ke7 46. Rd1 Rf8 47. Kg3 Kd6 48. Ree1 Rf5 49. Bc1 e4 50. Bf4+ Kc6 51. Kg4 e3 52. h4 Re4 0-1

[Event "GRE-ch U16"]
[Site "Greece"]
[Date "2014.07.08"]
[Round "7"]
[White "Karathanasis, Vlasis"]
[Black "Koutsidis, Achilleas"]
[Result "1-0"]
[WhiteElo "1686"]
[BlackElo "1805"]
[PlyCount "71"]
[EventDate "2014.07.04"]
[EventType "swiss"]
[EventRounds "9"]
[EventCountry "GRE"]
[SourceTitle "EXT 2017"]
[Source "ChessBase"]
[SourceDate "2016.10.25"]
[SourceVersion "1"]
[SourceVersionDate "2016.10.25"]
[SourceQuality "1"]

1. e4 c5 2. Nc3 a6 3. a4 Nc6 4. Bc4 e6 5. f4 Nf6 6. Ba2 d5 7. e5 Ng8 8. d3 Nh6 9. Nf3 Be7 10. 0-0 0-0 11. Ne2 b5 12. Kh1 Bb7 13. d4 Nf5 14. c3 cxd4 15. Nexd4 Nfxd4 16. Nxd4 Qd7 17. Bb1 b4 18. Qg4 bxc3 19. bxc3 f5 20. exf6 Rxf6 21. Nxc6 Qxc6 22. Bb2 e5 23. Bf5 Rxf5 24. Qxf5 d4 25. Qh3 Bd6 26. fxe5 Bxe5 27. cxd4 Bd6 28. Qb3+ Kh8 29. d5 Qd7 30. Rad1 Qe7 31. Rf3 Re8 32. Rdf1 Ba8 33. Qd3 Qg5 34. Qf5 Qe7 35. Rh3 h6 36. Rxh6+ 1-0

[Event "GRE-ch U16"]
[Site "Greece"]
[Date "2014.07.07"]
[Round "5"]
[White "Tsiros, Fragkiskos Vlasios"]
[Black "Karathanasis, Vlasis"]
[Result "1-0"]
[WhiteElo "2018"]
[BlackElo "1686"]
[PlyCount "63"]
[EventDate "2014.07.04"]
[EventType "swiss"]
[EventRounds "9"]
[EventCountry "GRE"]
[SourceTitle "EXT 2017"]
[Source "ChessBase"]
[SourceDate "2016.10.25"]
[SourceVersion "1"]
[SourceVersionDate "2016.10.25"]
[SourceQuality "1"]

1. d4 Nf6 2. c4 e6 3. Nc3 Bb4 4. e3 Bxc3+ 5. bxc3 b6 6. Bd3 Bb7 7. f3 d6 8. Ne2 Nbd7 9. 0-0 0-0 10. e4 e5 11. Ng3 Re8 12. Bc2 Ba6 13. Qd3 c6 14. Nf5 d5 15. Bb3 exd4 16. cxd4 dxe4 17. Qe3 exf3 18. Qxf3 Nf8 19. Bb2 Ne6 20. d5 Ng5 21. Qf4 Nge4 22. d6 c5 23. Rae1 Qd7 24. Rxe4 Rxe4 25. Qg5 Rg4 26. Nh6+ Kf8 27. Nxg4 Qxg4 28. Bxf6 Qxg5 29. Bxg5 f6 30. Bf4 Re8 31. Rd1 Rd8 32. d7 1-0

[Event "GRE-ch U16"]
[Site "Greece"]
[Date "2014.07.05"]
[Round "2"]
[White "Karathanasis, Vlasis"]
[Black "Klabatseas, Hristos"]
[Result "1-0"]
[WhiteElo "1686"]
[BlackElo "1430"]
[PlyCount "85"]
[EventDate "2014.07.04"]
[EventType "swiss"]
[EventRounds "9"]
[EventCountry "GRE"]
[SourceTitle "EXT 2017"]
[Source "ChessBase"]
[SourceDate "2016.10.25"]
[SourceVersion "1"]
[SourceVersionDate "2016.10.25"]
[SourceQuality "1"]

1. e4 e5 2. Nf3 Nc6 3. Bc4 Bc5 4. c3 Nf6 5. d4 exd4 6. cxd4 Bb4+ 7. Nc3 d6 8. 0-0 Bxc3 9. bxc3 0-0 10. Qc2 h6 11. h3 Re8 12. Bd3 Bd7 13. Re1 Qe7 14. Bd2 Nd8 15. d5 Rb8 16. c4 c6 17. Bc3 Qf8 18. Bb4 c5 19. Bc3 a6 20. e5 dxe5 21. Bxe5 Rc8 22. Qc3 Nh7 23. Nh4 f5 24. Bh2 g5 25. Ng6 Qg7 26. Qxg7+ Kxg7 27. Ne5 Ba4 28. Bxf5 Ra8 29. Bxh7 Kxh7 30. Ng4 Kg6 31. Rxe8 Bxe8 32. Re1 Nf7 33. Re6+ Kg7 34. Be5+ Nxe5 35. Nxe5 b5 36. d6 bxc4 37. Nxc4 Bf7 38. Re7 Kf6 39. Nb6 Rd8 40. Nd7+ Kg7 41. Ne5 Rf8 42. d7 Kf6 43. Rxf7+ 1-0

[Event "Attica-ch U16"]
[Site "Athens"]
[Date "2014.04.12"]
[Round "2.3"]
[White "Karathanasis, Vlasis"]
[Black "Grigoriadis, Mihail"]
[Result "0-1"]
[WhiteElo "1688"]
[BlackElo "1940"]
[PlyCount "70"]
[EventDate "2014.04.11"]
[EventType "swiss"]
[EventRounds "7"]
[EventCountry "GRE"]
[SourceTitle "EXT 2024"]
[Source "ChessBase"]
[SourceDate "2023.10.10"]
[SourceVersion "1"]
[SourceVersionDate "2023.10.10"]
[SourceQuality "1"]

1. e4 c5 2. Nc3 g6 3. f4 Bg7 4. Nf3 a6 5. a4 Nc6 6. Bc4 e6 7. Ba2 Nge7 8. d3 d5 9. e5 h5 10. 0-0 Nf5 11. Kh1 Ncd4 12. Nxd4 cxd4 13. Ne2 h4 14. Qe1 Bd7 15. Bb3 f6 16. Ng1 fxe5 17. fxe5 g5 18. Qe2 Qc7 19. Re1 Qd8 20. Qg4 Qe7 21. Bxg5 Qf7 22. Nf3 Bh6 23. Bxh6 Rxh6 24. Nxd4 Nxd4 25. Qxd4 h3 26. Qg4 hxg2+ 27. Qxg2 0-0-0 28. d4 Rdh8 29. Rf1 Qh7 30. Rf2 Be8 31. c3 Rg8 32. Qf3 Bg6 33. Re1 Be4 34. Rxe4 dxe4 35. Qf7 Rxh2+ 0-1

[Event "Attica-ch U18"]
[Site "Iraklio"]
[Date "2013.12.28"]
[Round "5.1"]
[White "Karathanasis, Vlasis"]
[Black "Roinos, Ilias"]
[Result "0-1"]
[WhiteElo "1646"]
[BlackElo "2013"]
[PlyCount "60"]
[EventDate "2013.12.22"]
[EventType "swiss"]
[EventRounds "7"]
[EventCountry "GRE"]
[SourceTitle "EXT 2024"]
[Source "ChessBase"]
[SourceDate "2023.10.10"]
[SourceVersion "1"]
[SourceVersionDate "2023.10.10"]
[SourceQuality "1"]

1. e4 g6 2. d4 Bg7 3. Nf3 d6 4. Bd3 Nf6 5. c3 0-0 6. h3 Nc6 7. Be3 e5 8. d5 Ne7 9. c4 h6 10. Nc3 a5 11. Qd2 Kh7 12. 0-0-0 b6 13. Rdg1 Nd7 14. g4 Nc5 15. h4 c6 16. h5 g5 17. Bc2 a4 18. Bxc5 bxc5 19. Nxa4 cxd5 20. exd5+ f5 21. gxf5 Bxf5 22. Kb1 Rxa4 23. Nxg5+ hxg5 24. h6 Bf6 25. Bxf5+ Nxf5 26. Qc2 Qd7 27. Rh5 Kh8 28. Rhxg5 Bxg5 29. Rxg5 Nd4 30. Qg6 Qh7 0-1

[Event "Attica-ch U18"]
[Site "Iraklio"]
[Date "2013.12.23"]
[Round "2.4"]
[White "Sevastos, Iraklis Nikolaos"]
[Black "Karathanasis, Vlasis"]
[Result "0-1"]
[WhiteElo "1437"]
[BlackElo "1646"]
[PlyCount "50"]
[EventDate "2013.12.22"]
[EventType "swiss"]
[EventRounds "7"]
[EventCountry "GRE"]
[SourceTitle "EXT 2024"]
[Source "ChessBase"]
[SourceDate "2023.10.10"]
[SourceVersion "1"]
[SourceVersionDate "2023.10.10"]
[SourceQuality "1"]

1. d4 Nf6 2. c4 e6 3. Nc3 Bb4 4. e3 Bxc3+ 5. bxc3 b6 6. Nf3 Bb7 7. Be2 d6 8. 0-0 Nbd7 9. Re1 0-0 10. Bb2 Ne4 11. a4 a5 12. Qc2 f5 13. Rad1 Ndf6 14. h3 Kh8 15. Nd2 Nxd2 16. Qxd2 Ne4 17. Qc2 Qh4 18. Bf3 Rf6 19. d5 Ng5 20. Qe2 exd5 21. cxd5 Ba6 22. c4 Rg6 23. Rd4 Nxh3+ 24. Kf1 Nf4 25. g3 Qh3+ 0-1

[Event "Glyfada New Year op"]
[Site "Glyfada"]
[Date "2011.01.09"]
[Round "7"]
[White "Delithanasis, Dimitrios"]
[Black "Karathanasis, Vlasis"]
[Result "1-0"]
[WhiteElo "2238"]
[BlackElo "1575"]
[PlyCount "49"]
[EventDate "2011.01.02"]
[EventType "swiss"]
[EventRounds "7"]
[EventCountry "GRE"]
[SourceTitle "EXT 2024"]
[Source "ChessBase"]
[SourceDate "2023.10.10"]
[SourceVersion "1"]
[SourceVersionDate "2023.10.10"]
[SourceQuality "1"]

1. Nf3 d5 2. c4 Nf6 3. cxd5 Nxd5 4. e4 Nf6 5. Bc4 Nc6 6. Qb3 e6 7. Nc3 Be7 8. e5 Nd7 9. Bb5 Ncb8 10. d4 0-0 11. Be3 Nb6 12. 0-0 Bd7 13. Rac1 a6 14. Bd3 Bc6 15. Qc2 Bxf3 16. gxf3 h6 17. Be4 c6 18. Kh1 N8d7 19. Rg1 Kh8 20. Rg3 f5 21. exf6 Bxf6 22. Qb3 Qe7 23. Bb1 Qd6 24. Qc2 Qe7 25. Qh7# 1-0